000 00727nam a22002177a 4500
003 OSt
005 20230131093648.0
008 201020b2019 dr 00| 0 spa d
020 _a9789945806793
040 _aDO-SdBNP
_bspa
_cBPMSU
082 4 _a791.430951
_bB422c 2019
_222
100 1 _aBeiro Álvarez, Luis
245 1 0 _aCine coreano :
_botro milagro del río Han /
_cLuis Beiro Álvarez.
260 _aSanto Domingo :
_bEmbajada de Corea en la República Dominicana,
_c2019.
300 _a115 p. ;
_c21 cm.
500 _aIncluye datos biográficos del autor en la solapa de la cubierta.
590 _6Inventariado, 2022/VM
650 4 _aCine coreano.
_xHistoria y crítica
910 _aVMateo V. /Validado
942 _2ddc
_cBK
999 _c14255
_d14255